Central Library OPAC University of Rajshahi

বাংলা প্রবাদ পরিচিতি / (Record no. 44018)

MARC details
000 -LEADER
fixed length control field 00724nam a2200217 a 4500
001 - CONTROL NUMBER
control field 44018
003 - CONTROL NUMBER IDENTIFIER
rucl marc code BD-RjUL
005 - DATE AND TIME OF LATEST TRANSACTION
control field 20211209053803.0
008 - FIXED-LENGTH DATA ELEMENTS--GENERAL INFORMATION
fixed length control field 160712s1976 bg ||||| |||| 00| 0 ben d
020 ## - INTERNATIONAL STANDARD BOOK NUMBER
Terms of availability : Tk. 35.00
035 ## - SYSTEM CONTROL NUMBER
System control number (BD-RjUL)44136
040 ## - CATALOGING SOURCE
Original cataloging agency BD-RjUL
Language of cataloging ben
Transcribing agency BD-RjUL
041 ## - LANGUAGE CODE
Language code of text/sound track or separate title ben
082 ## - DEWEY DECIMAL CLASSIFICATION NUMBER
Edition number 23
Classification number 398.9
Author mark and year MOB 1976
245 ## - TITLE STATEMENT
Title বাংলা প্রবাদ পরিচিতি /
Statement of responsibility, etc. মোহাম্মদ হানীফ পাঠান, সংকলিত
260 ## - PUBLICATION, DISTRIBUTION, ETC. (IMPRINT)
Place of publication, distribution, etc. ঢাকা :
Name of publisher, distributor, etc. বাংলা একাডেমী,
Date of publication, distribution, etc. ১৯৭৬
300 ## - PHYSICAL DESCRIPTION
Pagination ৫৮০ পৃ. ;
Size ২০ সেমি.
650 ## - SUBJECT ADDED ENTRY--TOPICAL TERM
Topical term or geographic name as entry element প্রবাদ
9 (RLIN) 135212
Topical term or geographic name as entry element proverbs
9 (RLIN) 135213
942 ## - ADDED ENTRY ELEMENTS (KOHA)
Source of classification or shelving scheme Dewey Decimal Classification
Koha item type Books
Holdings
Lost status Source of classification or shelving scheme Damaged status Not for loan Collection code Permanent Location Current Location Shelving location Date acquired Source of acquisition Cost, normal purchase price Total Checkouts Full call number Date last seen Copy number Koha item type Date checked out
  Dewey Decimal Classification     Non-fiction Central Library, University of Rajshahi Central Library, University of Rajshahi   05/05/1976 Bangla Academy, Dhaka 35.00   B 398.9 MOB 1976 12/07/2016 C-2 Books  
  Dewey Decimal Classification   Not For Loan Non-fiction Central Library, University of Rajshahi Central Library, University of Rajshahi Reading Room 05/05/1976 Bangla Academy, Dhaka 35.00   B 398.9 MOB 1976 23/01/2017 C-1 Books  
  Dewey Decimal Classification     Non-fiction Central Library, University of Rajshahi Central Library, University of Rajshahi General Stacks 14/03/1984 Bangla Academy 35.00 1 B 398.9 MOB 1976 04/09/2025 C-3 Books 04/09/2025